Nositel Nobelovy ceny za ekonomii za rok 1999

Švédska Kráľovská akadémia udelila Nobelovu cenu za ekonómiu za rok 1999 Robertovi Alexandrovi Mundellovi za "analýzu menovej a fiškálnej politiky v rôznych režimoch určovania menových kurzov a za analýzu optimálnych oblastí spoločnej meny". Vedecko-výskumná činnosť R.A. Mundella.

Gespeichert in:
Bibliographische Detailangaben
1. Verfasser: Jonáš, Jiří
Format: Buchkapitel
Sprache:Tschechisch
Schlagworte:
Tags: Tag hinzufügen
Keine Tags, Fügen Sie das erste Tag hinzu!

MARC

LEADER 00000naa a2200000 4500
001 r037423
005 20231002110849.8
041 0 |a cze 
044 |a CZ 
245 1 0 |a Nositel Nobelovy ceny za ekonomii za rok 1999  |c Jiří Jonáš 
520 |a Švédska Kráľovská akadémia udelila Nobelovu cenu za ekonómiu za rok 1999 Robertovi Alexandrovi Mundellovi za "analýzu menovej a fiškálnej politiky v rôznych režimoch určovania menových kurzov a za analýzu optimálnych oblastí spoločnej meny". Vedecko-výskumná činnosť R.A. Mundella. 
610 2 0 |a politika fiškálna 
610 2 0 |a politika menová 
610 2 0 |a ceny 
610 2 0 |a teórie ekonomické 
610 2 0 |a Mundell, R.A. 
610 2 0 |a Nobelova cena 
100 1 |a Jonáš, Jiří